Demografické, zdravotné a sociálno-ekonomické aspekty úmrtnosti 7. demografická konferencia s medzinárodnou účasťou, Trenčianske Teplice, 13.-15.9.1999 : zborník príspevkov 2. diel

Bibliographic Details
Corporate Author: Demografická konferencia Trenčianske Teplice, Slovensko (Author)
Other Authors: Žirko, Milan (Compiler)
Format: Conference Proceeding Book
Language:Slovak
PhysicalDescription:122 s. sch.,tab. 30 cm
Published: [Bratislava] Slovenská štatistická a demografická spoločnosť 1999
ISBN:8088946050
Subjects:

MARC

LEADER 00000cam a2200000 a 4500
001 vtls001380397
003 SK-MaSNL
005 20260301161352.0
008 240226s1999 xo a r 100 0 slo
015 |a SNBA2002/02-00455 
020 |a 8088946050 
035 |a SNK000334389 
035 |a urn:nbn:sk:snk-amjstk 
035 |a urn:nbn:sk:snk:ar-a0bujs 
035 |a 6c63a904-52f5-411f-933a-c530fe189657 
040 |a SNK  |b slo  |c SNK  |e AACR2 
041 0 |a slo 
044 |a xo  |c SK 
080 |a 312(082)  |2 1981 
080 |a 312.2(082)  |2 1981 
111 1 |a Demografická konferencia  |n (7. :  |d 1999 :  |c Trenčianske Teplice, Slovensko)  |4 aut  |9 36763 
245 1 0 |a Demografické, zdravotné a sociálno-ekonomické aspekty úmrtnosti  |b 7. demografická konferencia s medzinárodnou účasťou, Trenčianske Teplice, 13.-15.9.1999 : zborník príspevkov  |n 2. diel  |c [zostavil: Milan Žirko] 
260 |a [Bratislava]  |b Slovenská štatistická a demografická spoločnosť  |c 1999 
300 |a 122 s.  |b sch.,tab.  |c 30 cm 
500 |a Údaj o zost. prevzatý z obalu 
500 |a 100 výt. 
504 |a Bibliogr. odkazy 
650 0 7 |a demografia  |2 SNKPH  |9 3827 
650 0 7 |a úmrtnosť  |2 SNKPH  |9 4663 
650 0 7 |a demografické aspekty  |2 SNK  |9 524283 
655 7 |a zborníky konferencií  |2 SNKPH  |9 70153 
655 7 |a issue_zb  |2 SNK  |9 276493 
700 1 |a Žirko, Milan  |4 com  |9 524284 
919 |a 80-88946-05-0 
954 |a odborná, vedecká literatúra pôvodná (slovenská)  |2 lita 
958 |a OND 
958 |a ART 
958 |a TL 
958 |a NB 
958 |a ZB 
999 |c 809154  |d 811084 
952 |t P60, <03>, [BOOK], {603}  |a SNK  |b SNK  |y PREZ  |7 0  |p 17A0224110  |o snkSB 61267/2  |i snkKSP 324/2000  |0 0  |1 0  |4 0  |d 2000-01-11  |f 1  |l 0  |r 2025-04-15 00:00:00  |w 2026-02-24 
952 |t P60, <04>, [BOOK], {604}  |a SNK  |b SNK  |y VYP  |7 0  |p 17A0224109  |o snkSB 61267/2 D1  |i snkKSP 325/2000  |0 0  |1 0  |4 0  |d 2000-01-11  |l 0  |r 2005-01-02 00:00:00  |w 2026-02-24